|
|
|
|
| LEADER |
00681nab a2200217 i 4500 |
| 001 |
acta7934 |
| 005 |
20250929130619.0 |
| 008 |
161015s1974 hu o 000 hun d |
| 022 |
|
|
|a 0139-0171
|
| 040 |
|
|
|a SZTE Egyetemi Kiadványok Repozitórium
|b hun
|
| 041 |
|
|
|a hun
|
| 100 |
1 |
|
|a Frisch Max
|
| 245 |
1 |
0 |
|a Max Frisch naplója
|h [elektronikus dokumentum] /
|c Frisch Max
|
| 260 |
|
|
|a JATE
|b Szeged
|c 1974
|
| 300 |
|
|
|a 37-40
|
| 490 |
0 |
|
|a Bölcsész
|
| 650 |
|
4 |
|a Bölcsészettudományok
|
| 650 |
|
4 |
|a Nyelvek és irodalom
|
| 695 |
|
|
|a Német irodalom - napló
|
| 700 |
0 |
1 |
|a Szendi Zoltán
|e aut
|
| 856 |
4 |
0 |
|u http://acta.bibl.u-szeged.hu/7934/1/bolcsesz_1974_1_037-040.pdf
|z Dokumentum-elérés
|